[Event "Oldie Clash (2h/40)"]
[Site "Hannover"]
[Date "2013.06.21"]
[Round "8"]
[White "Mephisto MM IV"]
[Black "Saitek Simultano C"]
[Result "1-0"]
[WhiteElo "1967"]
[BlackElo "1849"]
[EventDate "2013.06.21"]

1.d4 d5 2.c4 e6 3.Nc3 c5 4.cxd5 exd5 5.Nf3 Nc6 6.g3 Nf6 7.Bg2 Be7 8.O-O 
O-O 9.Bg5 cxd4 10.Nxd4 {Letzter Buchzug Weiss} 10...Re8 11.e3 h6 12.Bxf6 
Bxf6 13.Nxd5 Bxd4 14.exd4 Be6 15.Re1 Bxd5 {Letzter Buchzug Schwarz} 16.
Rxe8+ Qxe8 17.Bxd5 Rd8 18.Qh5 Nxd4 19.Rd1 Nc6 20.b4 Qe7 21.Qf5 Kh8 22.a3 
Qe2 23.Qd3 Qxd3 24.Rxd3 Ne5 25.Rd1 Nc4 26.Rc1 Rxd5 27.Rxc4 Rd7 28.Kg2 Kh7 
29.a4 Kg6 30.Kf3 Rd3+ 31.Ke4 Rb3 32.b5 Ra3 33.Kd5 b6 34.Rg4+ Kh7 35.Kc6 
Rd3 36.a5 bxa5 37.Ra4 Rd2 38.Rxa5 Rc2+ 39.Kb7 Rxf2 40.Kxa7 Rf5 41.Ka6 Rf2 
42.b6 Rd2 43.b7 Rd8 44.Kb6 Kg6 45.Ra8 Rd2 46.b8=Q Rb2+ 47.Kc5 Rxb8 48.Rxb8
Kf6 49.Kd4 Kf5 50.Rb7 Ke6 51.g4 g6 52.Rb6+ Kd7 53.Ke5 Kc8 54.Rf6 h5 55.g5 
Kd8 56.Rxf7 1-0

[Event "Oldie Clash (2h/40)"]
[Site "Hannover"]
[Date "2014.09.15"]
[Round "8"]
[White "Mephisto Monte Carlo I"]
[Black "Fidelity Par Excellence"]
[Result "0-1"]
[WhiteElo "1888"]
[BlackElo "1911"]
[EventDate "2013.06.21"]

1.e4 e5 2.f4 {Letzter Buchzug Weiss} 2...Qh4+ 3.g3 Qe7 4.fxe5 d6 5.exd6 
Qxe4+ {Letzter Buchzug Schwarz} 6.Qe2 Qxe2+ 7.Nxe2 Bxd6 8.Bg2 Nc6 9.Bxc6+ 
bxc6 10.O-O Nf6 11.d3 Bh3 12.Re1 O-O 13.Bg5 Nd5 14.Nd2 Nb4 15.Rec1 Rae8 
16.Nf4 Bf5 17.Nc4 Bc5+ 18.Kg2 f6 19.Bh4 g5 20.a3 Nd5 21.Nxd5 cxd5 22.Rf1 
Re2+ 23.Kf3 Rxc2 24.Ne3 Bxe3 25.Kxe3 d4+ 26.Kf3 Bxd3 27.Rfe1 Rxb2 28.Rac1 
h5 29.g4 hxg4+ 30.Kxg4 gxh4 31.h3 Rg2+ 32.Kf4 Bc2 33.Rg1 Rxg1 34.Rxg1+ Kf7
35.Rg2 d3 36.Ke3 Rg8 37.Rxg8 Kxg8 38.Kd2 f5 39.Kc3 f4 40.Kd2 c5 41.a4 a5 
42.Ke1 f3 43.Kf2 d2 44.Kxf3 d1=Q+ 0-1

[Event "Oldie Clash (2h/40)"]
[Site "Hannover"]
[Date "2014.09.16"]
[Round "8"]
[White "SciSys Turbostar 432 KSO"]
[Black "Novag Super Forte A"]
[Result "1-0"]
[WhiteElo "1825"]
[BlackElo "1963"]
[EventDate "2013.06.21"]

1.d4 Nf6 2.Nc3 d5 3.Bg5 {Letzter Buchzug Weiss} 3...Nbd7 4.Nf3 g6 5.e3 Bg7
{Letzter Buchzug Schwarz} 6.Bd3 h6 7.Bxf6 Nxf6 8.O-O Bg4 9.h3 Bxf3 10.Qxf3
O-O 11.a3 c6 12.Qf4 Nd7 13.e4 e5 14.dxe5 d4 15.Ne2 Nxe5 16.Qd2 Nxd3 17.
cxd3 Re8 18.f4 f5 19.exf5 gxf5 20.Ng3 Qd5 21.Nh5 Bh8 22.Rfe1 Re3 23.Rab1 
Rae8 24.b4 Kh7 25.a4 Qf7 26.Rxe3 Rxe3 27.Qd1 Qa2 28.Kh1 Qa3 29.b5 c5 30.b6
a6 31.Kh2 Rxd3 ( { [Stockfish DD 64 SSE4.2] 28:-5.81} 31...Qxd3 32.Qxd3 
Rxd3 33.Rc1 Rc3 34.Rd1 c4 35.Ng3 Kg6 36.Ne2 Rd3 37.Rc1 Ra3 38.Nxd4 Bxd4 
39.Rxc4 Bxb6 40.Rb4 ) 32.Qe2 Re3 33.Qc4 Re7 34.Re1 Rg7 35.Nxg7 Bxg7 36.Re7
d3 37.Qf7 Qa1 38.Qxf5+ Kh8 39.Re8+ Bf8 40.Qxf8+ Kh7 41.Qg8# 1-0

[Event "Oldie Clash (2h/40)"]
[Site "Hannover"]
[Date "2014.09.20"]
[Round "8"]
[White "Mephisto Modena"]
[Black "Krypton Regency"]
[Result "1-0"]
[WhiteElo "1916"]
[BlackElo "1817"]
[EventDate "2013.06.21"]

1.e4 e5 2.Nf3 Nf6 3.d4 exd4 4.e5 Ne4 5.Qxd4 d5 6.exd6 Nxd6 {Letzter 
Buchzug Schwarz} 7.Qf4 {Letzter Buchzug Weiss} 7...Bf5 8.Nd4 Bg6 9.h4 Qe7+
10.Be3 c5 11.Nb5 Nc6 12.N1a3 Nxb5 13.Bxb5 h6 14.O-O-O a6 15.Rhe1 Be4 16.
Bxc6+ bxc6 17.f3 g5 18.hxg5 hxg5 19.Qxg5 f6 20.Qg3 Qf7 21.Bf4 Be7 22.Rxe4 
Rg8 23.Qf2 f5 24.Qxc5 Rc8 25.Qd6 Kf8 26.Bh6+ Rg7 27.Rxe7 Qxe7 28.Bxg7+ Kf7
29.Nc4 Qxd6 30.Nxd6+ Kxg7 31.Nxc8 1-0

[Event "Oldie Clash (2h/40)"]
[Site "Hannover"]
[Date "2014.12.10"]
[Round "8"]
[White "Fidelity Elite A/S Budapest"]
[Black "Mephisto Monte Carlo IV"]
[Result "1-0"]
[WhiteElo "1706"]
[BlackElo "1921"]
[EventDate "2013.06.21"]

1.c4 e5 2.Nc3 Nf6 3.g3 {Letzter Buchzug Weiss} 3...d5 4.cxd5 Nxd5 5.Bg2 
Nxc3 6.bxc3 Nc6 {Letzter Buchzug Schwarz} 7.Qa4 Qf6 8.Nf3 Bd7 9.Nh4 Bc5 
10.O-O O-O-O 11.Bb2 g5 12.Qb5 Bb6 13.Nf3 g4 14.Nh4 Nd4 15.Qd3 Bb5 16.Qe4 
Nxe2+ 17.Kh1 Rxd2 18.Qxb7+ Kd7 19.Rad1 Qd6 20.Rxd2 Qxd2 21.Qe4 Re8 22.
Qxg4+ Kd8 23.Bc1 Qd7 24.Bg5+ Kc8 25.Qe4 c6 26.c4 Nc3 27.Qf3 Bxc4 28.Rc1 
Bd4 29.Bh3 Be6 30.Bxe6 Rxe6 31.Rxc3 e4 32.Qf5 Bxc3 33.Qxh7 Rd6 34.Qxe4 
Rd1+ 35.Kg2 Bd2 36.Bf6 Ba5 37.Nf3 Bc7 38.h4 Bd6 39.h5 Rd5 40.Qh7 Kc7 41.
Qh8 Kb7 42.h6 Rd1 43.Qg7 Rd5 44.h7 Rh5 45.Ng5 Bf8 46.Qg8 Qd5+ 47.Nf3 Qe6 
48.Bh4 Qh6 49.Qxf7+ Ka6 50.Bg5 Rxg5 51.Nxg5 Bg7 52.Qg8 Bf6 53.f4 Qh5 54.
Qe6 Ba1 55.Qxc6+ Ka5 56.Qc5+ Ka6 57.Qc8+ Ka5 58.g4 Qh4 59.Qf5+ Ka4 60.Nf3 
Qe7 61.Qc2+ Ka5 62.Ne5 Qb7+ 63.Kg3 Bxe5 64.Qf5 Ka4 65.fxe5 Qg7 66.e6 Qc3+ 
67.Qf3 Qe1+ 68.Kh3 Qe5 69.e7 Qxe7 70.h8=Q Qd7 71.Qb3+ Ka5 72.Qhc3+ Ka6 73.
Qcc4+ Ka5 74.Qbb4# 1-0

[Event "Oldie Clash (2h/40)"]
[Site "Hannover"]
[Date "2015.04.20"]
[Round "9"]
[White "Mephisto Monte Carlo IV"]
[Black "Mephisto Rebell 5.0"]
[Result "1-0"]
[WhiteElo "1921"]
[BlackElo "1893"]
[EventDate "2013.06.21"]

1.e4 c5 2.Nf3 d6 3.d4 cxd4 4.Nxd4 Nf6 5.Nc3 g6 6.Be3 Bg7 {Letzter Buchzug 
Schwarz} 7.f3 O-O 8.Qd2 {Letzter Buchzug Weiss} 8...d5 9.e5 Nfd7 10.f4 g5 
11.Nxd5 gxf4 12.Nxf4 Bxe5 13.O-O-O Bf6 14.Nfe6 fxe6 15.Nxe6 Qe8 16.Nc7 Qf7
17.Kb1 Nb6 18.Bxb6 Be6 19.Nxa8 Bxa2+ 20.Kc1 Nc6 21.b3 Rxa8 22.Bc4 e6 23.
Bc5 Ne5 24.Qf4 Nxc4 25.Qxc4 Rc8 26.Rhf1 h6 27.h4 h5 28.Rd6 b6 29.Rxe6 Rxc5
30.Qe2 Bxb3 31.Rexf6 Qg7 32.Qe8+ Kh7 33.Qe4+ Kh8 34.Rf8+ Bg8 35.R1f7 Qa1+ 
36.Kd2 Qc3+ 37.Kd1 Qa1+ 38.Ke2 Rxc2+ 39.Qxc2 Qe5+ 40.Kf3 Qd5+ 41.Kg3 Qxf7 
42.Rxf7 Bxf7 43.Qc7 Kg7 44.Qxa7 b5 45.Kf4 b4 46.Kf5 b3 47.Qd4+ Kg8 48.Kf6 
Be8 49.Qd8 b2 50.Qxe8+ Kh7 51.Qg6+ Kh8 52.Qg7# 1-0

[Event "Oldie Clash (2h/40)"]
[Site "Hannover"]
[Date "2015.04.22"]
[Round "9"]
[White "Krypton Regency"]
[Black "Fidelity Excellence 3MHz"]
[Result "1/2-1/2"]
[WhiteElo "1817"]
[BlackElo "1843"]
[EventDate "2013.06.21"]

1.c4 c5 2.Nf3 Nf6 3.Nc3 d5 {Letzter Buchzug Schwarz} 4.cxd5 Nxd5 5.e3 {
Letzter Buchzug Weiss} 5...Nc6 6.Bb5 Nxc3 7.Bxc6+ bxc6 8.dxc3 Qxd1+ 9.Kxd1
Bf5 10.Ke2 e6 11.Rd1 Be7 12.Ne5 Rc8 13.g4 Bg6 14.Rd7 a6 15.Ra7 f6 16.Nxg6 
hxg6 17.Rxa6 Rxh2 18.e4 Rh4 19.Kf3 Rh3+ 20.Kg2 Rh4 21.f3 Bd6 22.Ra7 Rc7 
23.Ra8+ Kd7 24.Rg8 Rh7 25.Be3 Rb7 26.b3 Rh2+ 27.Kg1 Rh7 28.Rd1 Ke7 29.Rc8 
Kd7 30.Bxc5 Kxc8 31.Rxd6 Kc7 32.e5 Rh3 33.Kg2 Rh7 34.Rxe6 fxe5 35.Rxg6 Kd7
36.Rd6+ Kc7 37.Re6 Kd7 38.Re7+ Kc8 39.Rxe5 Rh8 40.Re6 Rh6 41.Rxh6 gxh6 42.
Kf2 h5 43.Bd4 Rb5 44.c4 Rg5 45.Bf6 Ra5 46.a4 hxg4 47.fxg4 Ra7 48.Bc3 c5 
49.g5 Ra6 50.a5 Rg6 51.Bf6 Kb7 52.Be7 Kc6 53.a6 Rg8 54.g6 Kb6 55.a7 Kxa7 
56.Bxc5+ Kb7 57.Bd4 Rxg6 58.b4 Rc6 59.Bc5 Rc7 60.Ke3 Kc6 61.Bd4 Rb7 62.Bc3
Rd7 63.Ke4 Rd1 64.Bd4 Rb1 65.Bc5 Rd1 66.Be3 Rb1 67.Bd2 Rb2 68.Kd3 Rb3+ 69.
Bc3 Rb1 70.c5 Kb5 71.Kc2 Rh1 72.Bd2 Rh4 73.Kb3 Rc4 74.Bc3 Rxc5 75.bxc5 
Kxc5 1/2-1/2

[Event "Oldie Clash (2h/40)"]
[Site "Hannover"]
[Date "2015.04.27"]
[Round "9"]
[White "Mephisto MM II"]
[Black "Mephisto Modena"]
[Result "0-1"]
[WhiteElo "1840"]
[BlackElo "1916"]
[EventDate "2013.06.21"]

1.e4 e5 2.Nf3 Nc6 3.Bc4 Nf6 4.d4 exd4 5.O-O Nxe4 6.Re1 d5 7.Bxd5 Qxd5 8.
Nc3 Qa5 9.Nxe4 Be6 10.Bd2 Qd5 11.Bg5 Bd6 12.Bf6 {Letzter Buchzug Weiss} 
12...O-O {Letzter Buchzug Schwarz} 13.Nxd4 Nxd4 14.Qxd4 Qxd4 15.Bxd4 Be7 
16.Bc5 Bxc5 17.Nxc5 Bd5 18.Re7 Rac8 19.a4 Rfe8 20.Rae1 Rxe7 21.Rxe7 Bc6 
22.a5 Kf8 23.Re5 Rd8 24.Re1 Rd2 25.Rc1 Ke7 26.Nb3 Rd6 27.Re1+ Kf6 28.c4 h5
29.Kf1 h4 30.g3 Rd3 31.Nc5 Rd2 32.gxh4 Rxb2 33.Rc1 Ra2 34.Nb3 Be4 35.Nc5 
Bf3 36.Nb3 Kf5 37.Re1 Kg4 38.Re3 Rb2 39.h3+ Kf4 40.Nc1 Rb1 41.Re1 Be4 42.
Ne2+ Ke5 43.Rxb1 Bxb1 44.f4+ Kd6 45.Nd4 a6 46.Kf2 Kc5 47.Nf3 Bd3 48.Ne5 
Bxc4 49.h5 Be6 50.f5 Bxf5 51.Nxf7 Bxh3 52.Nd8 Bc8 53.Ke3 Kb4 54.Kd4 Kxa5 
55.Kc5 Ka4 56.Nf7 Bd7 57.Ne5 Be8 58.Ng6 Bxg6 59.hxg6 b5 60.Kd5 b4 61.Ke6 
b3 62.Kf7 b2 63.Kxg7 b1=Q 64.Kf6 a5 65.g7 Qh7 66.Kf7 Kb5 67.Kf8 Qf5+ 68.
Ke8 Qg6+ 69.Kf8 Qf6+ 70.Kg8 a4 71.Kh7 Qf7 72.Kh8 Qh5+ 73.Kg8 a3 74.Kf8 
Qf5+ 75.Ke7 Qg6 76.g8=Q Qxg8 0-1

[Event "Oldie Clash (2h/40)"]
[Site "Hannover"]
[Date "2015.05.04"]
[Round "9"]
[White "Fidelity Par Excellence"]
[Black "SciSys Turbostar 432 KSO"]
[Result "1/2-1/2"]
[WhiteElo "1911"]
[BlackElo "1825"]
[EventDate "2013.06.21"]

1.d4 Nf6 2.c4 c5 3.d5 e6 4.Nc3 exd5 5.cxd5 d6 6.e4 g6 7.f4 Bg7 8.Bb5+ Nfd7
9.Bd3 O-O 10.Nf3 {Letzter Buchzug Weiss} 10...Nf6 11.O-O Bg4 {Letzter 
Buchzug Schwarz} 12.Be3 Bxf3 13.Qxf3 Qb6 14.Rab1 Qa5 15.Nb5 Ne8 16.Na3 Nd7
17.Qe2 a6 18.f5 b5 19.fxg6 hxg6 20.Qd2 Qxd2 21.Bxd2 Bd4+ 22.Kh1 Ne5 23.Be2
f5 24.exf5 Rxf5 25.Rxf5 gxf5 26.Nc2 Nc7 27.Bg5 Re8 28.Bh5 Nf7 29.Nxd4 cxd4
30.Bf6 d3 31.Rd1 Nxd5 32.Bd4 Nf4 33.Bxf7+ Kxf7 34.g3 Nd5 35.a3 Re2 36.Rxd3
Ke6 37.h4 Rc2 38.h5 b4 39.h6 Rc1+ 40.Kg2 Rc2+ 41.Kh3 Rc1 42.Kh4 Rh1+ 43.
Kg5 Rh3 44.axb4 f4 45.Bf2 Nxb4 46.Ra3 Rh2 47.Rf3 Nd5 48.gxf4 Rg2+ 49.Bg3 
Rxb2 50.f5+ Kf7 51.Bxd6 Nf6 52.Be5 Rg2+ 53.Kh4 Rg4+ 54.Kh3 Rg5 55.Rf4 a5 
56.Bxf6 Kxf6 57.Rh4 Rg1 58.Kh2 Rg8 59.Rh5 a4 60.h7 Rh8 61.Kg3 Kg7 62.Rh4 
Rxh7 63.Rxa4 Kf6 64.Kg4 Rh2 65.Ra6+ Kf7 66.Kg3 Rh1 67.Re6 Rg1+ 68.Kf3 Rf1+
69.Kg4 Rg1+ 70.Kh4 Rg2 71.Rc6 Ke7 72.Rg6 Rf2 73.Re6+ Kf7 74.Kg4 Rg2+ 75.
Kf3 Rg5 76.Ke4 Rg4+ 77.Ke5 Rg2 78.Rc6 Re2+ 79.Kf4 Rf2+ 80.Kg4 Rg2+ 81.Kf3 
Ra2 82.Re6 Ra5 83.Ke4 Ra4+ 84.Ke5 Ra5+ 85.Kf4 Ra4+ 86.Re4 Ra2 87.Kg5 Rg2+ 
88.Rg4 Rf2 89.Rb4 Rg2+ 90.Kf4 Rf2+ 91.Ke5 Re2+ 92.Re4 Rf2 93.Rg4 Re2+ 94.
Kf4 Rh2 95.Rg3 Rh4+ 96.Ke5 Rh2 97.Re3 Rf2 98.Rc3 Re2+ 99.Kf4 Rf2+ 100.Kg4 
Kf6 101.Rc6+ Ke7 102.Re6+ Kf7 103.Rb6 Rg2+ 104.Kf3 Ra2 105.Ke4 Rf2 106.Rg6
Re2+ 107.Kf3 Re5 108.Kg4 Re4+ 109.Kg5 Re2 110.Rb6 Rg2+ 111.Kf4 Rf2+ 112.
Ke4 Ke7 113.Re6+ 1/2-1/2

[Event "Oldie Clash (2h/40)"]
[Site "Hannover"]
[Date "2015.05.08"]
[Round "9"]
[White "Saitek Simultano C"]
[Black "Mephisto Monte Carlo I"]
[Result "1/2-1/2"]
[WhiteElo "1849"]
[BlackElo "1888"]
[EventDate "2013.06.21"]

1.c4 c5 2.Nc3 Nc6 3.g3 {Letzter Buchzug Weiss} 3...Nf6 {Letzter Buchzug 
Schwarz} 4.Bg2 g6 5.d3 Bg7 6.Qa4 O-O 7.a3 d6 8.Bxc6 bxc6 9.Qxc6 Rb8 10.Nf3
Bb7 11.Qa4 Qb6 12.O-O Bc6 13.Qc2 Rb7 14.Rb1 Bxf3 15.exf3 Qc6 16.Ne4 Nxe4 
17.dxe4 Rfb8 18.b3 h6 19.Be3 a5 20.Rfd1 a4 21.bxa4 Rb2 22.Rdc1 Rxb1 23.
Rxb1 Rxb1+ 24.Qxb1 Qxa4 25.Qb5 Qa8 26.a4 h5 27.Kf1 Bc3 28.Ke2 Kg7 29.Kd3 
Bb4 30.f4 Kf6 31.f3 Kg7 32.Bf2 Kh6 33.Qd7 Kg7 34.h3 Kf8 35.Qb5 Kg8 36.Ke3 
Kg7 37.Ke2 Kh6 38.e5 h4 39.exd6 exd6 40.g4 Qd8 41.Be3 f5 42.Kd3 Qh8 43.Ke2
Qd8 44.g5+ Kh5 45.Qa6 Qh8 46.Qxd6 Qc3 47.Bd2 Qb2 48.Qd7 Qxd2+ 49.Qxd2 Bxd2
50.Kxd2 1/2-1/2

[Event "Oldie Clash (2h/40)"]
[Site "Hannover"]
[Date "2015.05.11"]
[Round "9"]
[White "Mephisto Mega IV"]
[Black "Mephisto MM IV"]
[Result "1/2-1/2"]
[WhiteElo "1907"]
[BlackElo "1967"]
[EventDate "2013.06.21"]

1.c4 e5 2.Nc3 Nf6 3.Nf3 Nc6 4.g3 Bb4 5.Bg2 O-O 6.O-O e4 7.Ng5 Bxc3 8.bxc3 
Re8 {Letzter Buchzug Schwarz} 9.d3 exd3 10.exd3 {Letzter Buchzug Weiss} 
10...d6 11.Rb1 h6 12.Nf3 d5 13.cxd5 Nxd5 14.Bd2 Bf5 15.Re1 Bxd3 16.Rxb7 
Na5 17.Rb2 Nc4 18.Rb3 Be4 19.Bc1 Ndb6 20.Nd4 Bxg2 21.Rxe8+ Qxe8 22.Kxg2 c5
23.Nf5 Qe4+ 24.Qf3 Re8 25.Qxe4 Rxe4 26.Ne3 Kh7 27.Nxc4 Rxc4 28.Ra3 Na4 29.
Bd2 g5 30.f4 gxf4 31.Bxf4 Kg6 32.Bd2 h5 33.Kf3 Kf6 34.h3 Ke6 35.h4 Kd5 36.
Rb3 Nb6 37.Rb5 Ra4 38.Be3 Nd7 39.Rb2 Ne5+ 40.Kg2 Nc4 41.Re2 Nxe3+ 42.Rxe3 
Rxa2+ 43.Kh3 f5 44.Rd3+ Ke4 45.Rd7 Ra3 46.Re7+ Kd5 47.Rh7 Rxc3 48.Rxh5 Ke5
49.Kg2 Rc2+ 50.Kf3 Rc1 51.g4 Rf1+ 52.Ke2 Rf4 53.g5 Re4+ 54.Kd3 a5 55.Rh8 
Rg4 56.Rc8 Kf4 57.Rxc5 Rxh4 58.g6 Rh6 59.Rc6 Rh8 60.Ke2 Rg8 61.Kf2 Kg4 62.
Rf6 f4 63.Rd6 Rg7 64.Ra6 a4 65.Kg2 a3 66.Kf1 Rg8 67.Kg1 Kh5 68.Ra5+ Kh4 
69.Kf2 Kg4 70.Rxa3 Rxg6 71.Ra7 Re6 72.Rg7+ Kf5 73.Rf7+ Kg5 74.Rg7+ Kf6 75.
Ra7 Re3 76.Ra5 Rh3 77.Ke2 Rg3 78.Rb5 Ke6 79.Ra5 Re3+ 80.Kf2 Rb3 81.Kg2 Rc3
82.Kf2 Rd3 83.Rb5 Ra3 84.Ke2 Re3+ 85.Kf2 Rg3 86.Ke2 Rc3 87.Ra5 Rb3 88.Kf2 
Rh3 89.Ke2 Kf6 90.Rd5 Re3+ 91.Kf2 Re5 92.Rd3 Rh5 93.Rd8 Rh3 94.Rd5 Rg3 95.
Ra5 Rc3 96.Ke2 Rb3 97.Kf2 Rg3 98.Rc5 Rd3 99.Ke2 Re3+ 100.Kf2 Ra3 101.Ke2 
Kg6 102.Re5 Rb3 103.Kf2 Rc3 104.Rd5 Kf6 105.Ra5 Rb3 106.Rc5 Rb1 107.Kf3 
Rf1+ 108.Kg4 Ke6 109.Ra5 f3 110.Ra3 f2 111.Kf3 Kd5 112.Ra2 Rb1 113.Rxf2 
1/2-1/2

[Event "Oldie Clash (2h/40)"]
[Site "Hannover"]
[Date "2015.05.18"]
[Round "9"]
[White "Saitek Turbo King B (EGR)"]
[Black "Mephisto B&P"]
[Result "1-0"]
[WhiteElo "1849"]
[BlackElo "1757"]
[EventDate "2013.06.21"]

1.Nf3 d5 {Letzter Buchzug Schwarz} 2.b3 {Letzter Buchzug Weiss} 2...Nc6 3.
d4 Nf6 4.e3 Bf5 5.Bb5 Bg4 6.c4 e6 7.Bxc6+ bxc6 8.Nbd2 Bb4 9.a3 Bc3 10.Ra2 
Bxf3 11.Qxf3 Qb8 12.cxd5 cxd5 13.O-O O-O 14.Qd1 e5 15.dxe5 Bxe5 16.Nf3 Bd6
17.Bb2 c6 18.Bxf6 gxf6 19.Qd3 Qb5 20.Qxb5 cxb5 21.Rd1 Rfd8 22.Kf1 Bf8 23.
Ke2 Rac8 24.Nd4 a6 25.a4 b4 26.Nf5 Rc3 27.Rb2 Bc5 28.Rdd2 Kf8 29.h4 Ba7 
30.g4 Rc6 31.Rbc2 Rc3 32.Rxc3 bxc3 33.Rd3 Rc8 34.Kd1 Bb6 35.Kc2 Ba5 36.
Rxd5 Bb4 37.Rd7 a5 38.Nh6 Kg7 39.Nxf7 Kg8 40.Nh6+ Kh8 41.h5 Bf8 42.Nf5 Bb4
43.Ne7 Bxe7 44.Rxe7 Rf8 45.Kxc3 Rc8+ 46.Kb2 Rd8 47.h6 Rd2+ 48.Kc3 Rd8 49.
Ra7 Rc8+ 50.Kd2 Rd8+ 51.Ke2 Kg8 52.Rxa5 Kf7 53.g5 fxg5 54.Rxg5 Kf6 55.Rb5 
Kg6 56.Rb6+ Kf5 57.f4 Rc8 58.Kf3 Rc4 59.Rb5+ Ke6 60.bxc4 1-0

[Event "Oldie Clash (2h/40)"]
[Site "Hannover"]
[Date "2015.05.22"]
[Round "10"]
[White "Mephisto Rebell 5.0"]
[Black "Mephisto B&P"]
[Result "0-1"]
[WhiteElo "1893"]
[BlackElo "1757"]
[EventDate "2013.06.21"]

1.Nf3 {Letzter Buchzug Weiss} 1...Nc6 2.e4 e5 3.Bc4 {Wieder im Buch, aber 
letzter Buchzug Weiss} 3...d6 4.d4 Bg4 {Letzter Buchzug Schwarz} 5.dxe5 
Nxe5 6.Be2 Bxf3 7.Bxf3 Nf6 8.O-O Be7 9.Bf4 O-O 10.Nc3 c5 11.Be2 Qb6 12.Rb1
a5 13.Be3 Rab8 14.f4 Nc6 15.Nd5 Qd8 16.Bf3 Nb4 17.Nxe7+ Qxe7 18.a3 Nc6 19.
Re1 Nxe4 20.Bxe4 Qxe4 21.Bxc5 Qg6 22.Bb6 Rbe8 23.Qd2 d5 24.Kh1 Re4 25.Rbd1
Rc8 26.Rf1 d4 27.Bxa5 Nxa5 28.Qxa5 Re2 29.Qd5 h6 30.c3 dxc3 31.bxc3 Rxc3 
32.Qxb7 Rxa3 33.Rde1 Rd2 34.Re8+ Kh7 35.Rg1 Qf6 36.Qe4+ g6 37.Qb4 Raa2 38.
h3 Rd6 39.Rge1 Rf2 40.R8e4 Rdd2 41.Rg1 Qf5 42.Qb3 Rxf4 43.Rxf4 Qxf4 44.Qb7
Qf6 45.Qa7 Rf2 46.Qc5 Qb2 47.Qf8 Qb7 48.Qe8 Rb2 49.Qd8 f5 50.Qf8 Rb3 51.
Kh2 Qc7+ 52.g3 Rf3 53.Qa8 Rc3 54.Qf8 Rc4 55.Qa8 f4 56.gxf4 Rxf4 57.Kh1 Rf2
58.Rg2 Rf1+ 59.Rg1 Qf7 60.Rxf1 Qxf1+ 61.Kh2 Qf4+ 62.Kg2 Kg7 63.Qf3 Qe5 64.
Qd3 h5 65.Kf3 h4 66.Kg4 Kh6 67.Kf3 Qf5+ 68.Ke2 Qf6 69.Ke3 Qe6+ 70.Kd4 Qd6+
71.Ke4 Qe7+ 72.Kd5 Qd7+ 73.Kc4 Qf7+ 74.Kd4 Qf4+ 75.Kc5 Qf2+ 76.Kb4 Qg3 77.
Qd7 Kg5 78.Kc5 Kf4 79.Kc4 Kf3 80.Qd5+ Kf2 81.Qd2+ Kg1 82.Qc2 Qc7+ 83.Kb3 
Qxc2+ 84.Kxc2 Kh2 85.Kd3 Kxh3 86.Ke2 Kg2 87.Kd3 h3 88.Ke4 h2 89.Ke5 h1=Q 
0-1

[Event "Oldie Clash (2h/40)"]
[Site "Hannover"]
[Date "2015.05.29"]
[Round "10"]
[White "Mephisto MM IV"]
[Black "Saitek Turbo King B (EGR)"]
[Result "1-0"]
[WhiteElo "1967"]
[BlackElo "1849"]
[EventDate "2013.06.21"]

1.e4 e5 2.Nf3 Nf6 3.Nxe5 d6 4.Nf3 Nxe4 5.d4 d5 6.Bd3 Nc6 7.O-O {Letzter 
Buchzug Weiss} 7...Bg4 8.Re1 Be7 9.Bxe4 dxe4 10.Rxe4 Bxf3 11.gxf3 f5 12.
Re3 Qxd4 {Letzter Buchzug Schwarz} 13.Rd3 Qf6 14.f4 O-O 15.Nc3 Rfd8 16.Nd5
Qg6+ 17.Kh1 Bd6 18.c4 a5 19.Rg3 Qf7 20.Be3 a4 21.Qf3 a3 22.b3 g6 23.Rd1 
Qf8 24.Rc1 Ra5 25.Rh3 Qf7 26.Bd2 Raa8 27.Bc3 h5 28.Rg1 Kh7 29.Nf6+ Kh8 30.
Qxh5+ gxh5 31.Nxh5+ Nd4 32.Nf6+ Qh5 33.Rxh5# 1-0

[Event "Oldie Clash (2h/40)"]
[Site "Hannover"]
[Date "2015.06.01"]
[Round "10"]
[White "Mephisto Monte Carlo I"]
[Black "Mephisto Mega IV"]
[Result "1/2-1/2"]
[WhiteElo "1888"]
[BlackElo "1907"]
[EventDate "2013.06.21"]

1.c4 e5 2.Nf3 Nc6 {Letzter Buchzug Schwarz} 3.Nc3 Nf6 4.g3 Bb4 {wieder im 
Buch} 5.Bg2 O-O 6.O-O e4 7.Ng5 Bxc3 8.bxc3 Re8 9.d3 {Letzter Buchzug Weiss
} 9...exd3 10.exd3 h6 {Letzter Buchzug Schwarz} 11.Nf3 d5 12.cxd5 Nxd5 13.
Qb3 Nb6 14.Bf4 g5 15.Be3 Qxd3 16.Rad1 Qa6 17.Nd4 Nxd4 18.cxd4 c6 19.Qc2 
Be6 20.Ra1 f5 ( {[Komodo 5.1r2 64-bit ] 21:-0.80} 20...Bd5 21.h4 Qc4 22.
Qxc4 Bxc4 23.Rfc1 f6 24.a4 Bd5 25.Bf1 Be4 26.a5 Nd5 27.Bd2 a6 28.Bc4 Rad8 
29.Ra3 Kg7 30.Rb3 Re7 31.hxg5 hxg5 32.Re1 Rde8 33.f3 ) 21.Rfe1 Qc4 22.Qd1 
Bf7 23.Qd2 Qa4 24.Bxg5 Nc4 25.Qf4 Rxe1+ 26.Rxe1 Qb4 27.Re2 hxg5 28.Qxg5+ 
Kh7 29.Qxf5+ Kg8 ( {[Komodo 5.1r2 64-bit ] 21:+0.00} 29...Bg6 30.Qf6 Re8 
31.Rxe8 Bxe8 32.Be4+ Kg8 33.Qg5+ Kf8 34.Qf6+ Bf7 35.Qd8+ Kg7 36.Qg5+ Kf8 
37.Qd8+ ) 30.Be4 Kf8 31.Qf6 Qd6 32.Qh8+ Bg8 33.Bf5 Kf7 34.Be6+ ( {[Komodo 
5.1r2 64-bit ] 21:+8.51} 34.Bg4 Rb8 35.Bh5+ Kf8 36.Re4 b5 37.Rg4 Ke7 38.
Rg7+ Ke6 39.Be2 Bf7 40.Bxc4+ bxc4 41.Qh6+ Ke7 42.Rxf7+ Kxf7 43.Qxd6 Rb6 
44.Qc5 Ke6 45.Kg2 Kd7 46.Qxc4 a5 47.Qf7+ Kc8 48.h4 Rb5 49.Qf6 Kb7 50.h5 
Rb2 51.Qe6 ) 34...Qxe6 35.Rxe6 Kxe6 36.f4 Kf5 37.Qg7 Nb6 38.a3 Ke4 39.Qxb7
Bd5 40.Qg7 Nc4 41.a4 a6 42.a5 Nxa5 43.Kf2 Nc4 44.Qf6 a5 45.g4 a4 46.Kg3 a3
47.Qe7+ Kxd4 48.Qg7+ Kd3 49.Qh7+ Be4 ( {[Komodo 5.1r2 64-bit ] 24:-7.74} 
49...Kd2 50.Qg7 a2 51.Qa1 Kc2 52.f5 Nd2 53.Kf4 Nb3 54.Qg1 a1=Q 55.Qxa1 
Rxa1 56.Ke5 Rg1 57.h3 Kd3 58.Kf6 Nd4 59.g5 Rh1 60.g6 Rxh3 61.Kg5 Rh2 62.
Kf6 Rf2 63.Kg7 Nxf5+ 64.Kf6 Ne3+ 65.Kg5 Rg2+ 66.Kf6 Rg3 67.Kg7 Rg2 ) 50.
Qb7 c5 51.Qb1+ Kd4 52.Qd1+ Bd3 53.Qa1+ Nb2 54.h4 Ra7 55.f5 Kc4 56.Qa2+ Kb4
57.Qg8 Bb5 58.Qb8 Rf7 59.Qf4+ c4 60.Qd6+ Ka4 61.Qd2 Rh7 62.g5 Kb3 63.Qa5 
Rb7 64.f6 c3 65.f7 Nc4 66.Qxc3+ Kxc3 67.f8=Q Rd7 68.g6 a2 69.Qh8+ Rd4 70.
Qa8 Kb2 71.g7 Rd1 72.Qg2+ Rd2 73.Qf3 a1=Q 74.Qf6+ Ka2 75.Qxa1+ Kxa1 76.
g8=Q Ne3 77.Qe6 Nf1+ 78.Kf4 Rf2+ 79.Kg5 Rg2+ 80.Kh6 Bd3 81.h5 Ng3 82.Qe5+ 
Kb1 83.Qxg3 Rxg3 1/2-1/2

[Event "Oldie Clash (2h/40)"]
[Site "Hannover"]
[Date "2015.06.12"]
[Round "10"]
[White "SciSys Turbostar 432 KSO"]
[Black "Saitek Simultano C"]
[Result "1/2-1/2"]
[WhiteElo "1825"]
[BlackElo "1849"]
[EventDate "2013.06.21"]

1.d4 d5 2.Nf3 Nf6 3.c4 e6 4.Nc3 Be7 5.Bf4 O-O 6.e3 c5 7.dxc5 Bxc5 8.cxd5 
Nxd5 9.Nxd5 exd5 10.Bd3 Bb4+ 11.Ke2 {Letzter Buchzug Weiss} 11...Bg4 {
Letzter Buchzug Schwarz} 12.Qb3 Qb6 13.Qxd5 Rd8 14.Qe4 g6 15.Bg5 Bxf3+ 16.
Kxf3 Rc8 17.Rac1 Nc6 18.Bf6 Re8 19.Qc4 Bd6 20.Be4 Ne5+ 21.Bxe5 Bxe5 22.b3 
Bg7 23.Qc7 Qf6+ 24.Qf4 Re7 25.Qxf6 Bxf6 26.Rhd1 Kf8 27.Rc4 Rae8 28.g3 Kg7 
29.Bc2 Bb2 30.h4 f5 31.Rd2 Ba3 32.Ke2 Kf6 33.Rd5 Bb2 34.h5 Ke6 35.Rd2 Be5 
36.g4 Kf6 37.hxg6 hxg6 38.Rd1 Rh7 39.g5+ Kf7 40.e4 Bf4 41.Kf3 Bxg5 42.exf5
gxf5 43.Bxf5 Rh2 44.Rc7+ Kf6 45.Bd7 Rb8 46.Re1 Bh4 47.Re6+ Kf7 48.Bc8+ Kf8
49.Re2 Bd8 50.Rc4 Bb6 51.Kg3 Rh7 52.Rf4+ Rf7 53.Be6 Rxf4 54.Kxf4 Re8 55.f3
Kg7 56.Kf5 Rf8+ 57.Kg4 Rd8 58.Bc4 Bc5 59.Kg5 Bb4 60.Rg2 Rf8 61.f4 Be7+ 62.
Kg4 Bb4 63.Kh5+ Kf6 64.Rg6+ Kf5 65.Bd3+ Kxf4 66.Rg4+ Ke3 67.Rxb4 Kxd3 68.
Rxb7 a6 69.Ra7 Rf5+ 70.Kg6 Ra5 71.a4 Kc3 72.Rb7 Rd5 73.Kf6 Rd2 74.Ke6 a5 
75.Rb5 Kb2 76.Ke5 Kc3 77.Ke4 Rd4+ 78.Kf5 Rd2 79.Ke5 Rd7 80.Kf4 Rh7 81.Ke4 
Rd7 82.Ke3 Rh7 83.Kf4 Rh2 84.Ke4 Rd2 85.Ke5 Rd7 86.Ke6 Rd2 87.Ke7 Rd1 88.
Kf6 Rd2 89.Ke6 Kb2 90.Ke7 Kc3 91.Kf6 Re2 92.Rb7 Rf2+ 93.Ke5 Rd2 94.Ke6 Ra2
95.Kd6 Rd2+ 96.Kc5 Rg2 97.Rb5 Rg6 98.Kd5 Rg2 99.Kc6 Rg6+ 100.Kc5 Rh6 101.
Rb7 Rh4 102.Kc6 Rh5 103.Rb5 Rh8 104.Kb6 Ra8 105.Kb7 ( {[Komodo 5.1r2 
64-bit ] 25:+5.11} 105.Rxa5 Rb8+ 106.Kc6 Rxb3 107.Rb5 Ra3 108.a5 Kd4 109.
Kb6 Rg3 110.a6 Rg6+ 111.Ka5 Rg8 112.a7 Kc3 113.Rc5+ Kd2 114.Ka6 Ke1 115.
Kb7 Rd8 116.a8=Q Rxa8 117.Kxa8 Ke2 118.Kb7 Kd3 119.Rb5 Kc4 120.Rb6 Kd5 
121.Ka8 Kc5 122.Rh6 Kd5 ) 105...Rf8 106.Ka6 Ra8+ 107.Kb6 Kb2 108.Kb7 ( {
[Komodo 5.1r2 64-bit ] 26:+6.57} 108.Rxa5 Rh8 109.Rb5 Rf8 110.a5 Kc3 111.
a6 Rf6+ 112.Ka7 Rf7+ 113.Rb7 Rf2 114.b4 Ra2 115.b5 Kb4 116.Kb8 Rh2 117.Rc7
Kxb5 118.a7 Ra2 119.a8=Q Rxa8+ 120.Kxa8 Kb6 121.Kb8 Kb5 122.Kb7 Kb4 123.
Ka6 Kb3 124.Kb5 Kb2 125.Rc8 Ka3 126.Kb6 Kb3 127.Rc5 ) 108...Rf8 109.Ka7 
Rf6 110.Rb6 Rf8 111.Rb7 Rf6 112.Rb8 Ka3 113.Rb6 Rf8 114.Ka6 Ra8+ 115.Kb7 
Rf8 116.Rb5 Rf6 117.Rb6 Rf8 118.Rb5 Rf6 119.Kc7 Rg6 120.Kd7 Rh6 121.Kc7 
Rg6 122.Rxa5 Kxb3 123.Ra8 Kb4 124.Kb7 Rg5 125.Kc6 Ra5 126.Rb8+ Kc4 127.Re8
Rxa4 128.Re4+ Kb3 129.Re7 1/2-1/2